00573 2200217 4500001002100000005001500021035002000036008004100056245003800097100001700135700002000152250001000172260004400182300003700226020002200263084001600285082001000301650002000311990001200331990001200343INLIS00000000001036420220209031944 a0010-0222000167220209 g 0 ind 1 aMenghijaukan Ham /cM.Ridha Saleh0 aRIDHA, Saleh0 aKHALISAH,Khalid acet.1 aJakarta :bRayyana Komunikasindo,c2020 axix,202 hlm. :b:ilus. ;c19 cm. a978-602-5834-67-7 a304.2 RID m a304.2 4aEKOLOGI MANUSIA a17135 a a17135 b